Normal view
MARC view
Entry Personal Name
001 - CONTROL NUMBER
- control field: 60314
003 - CONTROL NUMBER IDENTIFIER
- control field: dpl
005 - DATE AND TIME OF LATEST TRANSACTION
- control field: 20231227141139.0
008 - FIXED-LENGTH DATA ELEMENTS
- fixed length control field: 231227|| aca||aabn | a|a d
040 ## - CATALOGING SOURCE
- Original cataloging agency: dpl
- Transcribing agency: dpl
100 ## - HEADING--PERSONAL NAME
- Personal name: Gomathi,S
670 ## - SOURCE DATA FOUND
- Source citation: Work cat.: (dpl)196489: Gomathi,S, A Text Book of Child Health Nursing/, 2023
